Les oiseaux éteints - Statistiques

Statistiques générales
  • Ce quiz a été pris 9 fois
  • Le résultat moyen est 3 sur 15
Statistiques - réponses
Description Réponse % Correct
Columbidés emblématique de la faune disparue,endémique de Maurice d'où il a disparu au XVIIe siècle profitant aujourd'hui de recherches pour le ressuciter Dronte de Maurice
78%
Anciennement considéré comme premier oiseau,ce dinosaure à plume est en fait une espèce très voisine du vrai ancêtre des oiseaux, et semble être capable de planer (Jurassique supérieur) Archaeopteryx
56%
Oiseau coureur terrestre néo-zélandais sans ailes nommés Dinornithiformes par les scientifiques disparu après l'arrivée des ancêtres des maoris Moa
44%
Oiseau de la famille des Alcidés terrestre, disparupar la chasse très emblématique de la lignée classique et célèbre de la famille, souvent confondue avec les manchots Grand pingouin
33%
Dinosaure théropode muni de bec armé deprotubérances osseuses lui permettant de percer les oeufs dont il se nourrit (Crétacé supérieur) Oviraptor
33%
Espèce de Scolopacidés dont la dernière apparitiondate de 2001, emblématique espèce migratrice Courlis à bec grêle
22%
Petit théropode dont le nom signifie "petit voleur", capable de planer, espèce clé entre petits théropodes à plume et oiseaux (Crétacé inférieur) Microraptor
22%
Oiseau migrateur des Columbidés comportant d'après leschroniques des milliards de spécimens qui se déplaçaient en nuées gigantesques, disparu de manière spectaculaire Tourte voyageuse
22%
Oiseau géant terrestre dont on croyait qu'il était géantcarnivore mais qui est en fait d'après de récentes découvertes un herbivore datant du Paléocène Gastornis
11%
Considéré par beaucoup comme oiseau primitif,il est denté et non volant, adapté à la vie aquatique (Crétacé supérieur) Hesperornis
11%
Très grands Accipitridés prédateur de l'oiseauprécédemment cité, disparu au XVe siècle Aigle géant d'Haast
0%
Sorte de "poule archaïque", cet animal est l'un desplus anciens oiseaux modernes (Neornithes) du Crétacé supérieur Asteriornis
0%
Petit oiseau à plumes, l'un des plus anciens, de la taille d'un pigeon mais n'ayant pas encore d'esquisses d'ailes (Jurassique) Epidexipteryx
0%
Dinosaure considéré comme le plus ancien jamais découvert, proche de l'ancêtre des dinosaures et donc des oiseaux (Trias) Nyasasaurus
0%
Oiseau moderne ayant survécu à la chute del'astéroïde, proche parent des Ansériformes semble-t-il et proche en apparence d'eux dont le fossile à été découvert sur une île atlantique Vegavis
0%
Aucun quiz correspondant
Distribution des résultats
% des personnes avec chaque résultat
Percentile par nombre de réponses
Votre historique - résultats
Vous n’avez pas pris ce quiz